| 000 | 00615nam a2200181Ia 4500 | ||
|---|---|---|---|
| 008 | 100920s9999 xx 000 0 und d | ||
| 082 |
_b61286 _a539 थ 85 |
||
| 100 | _aमोघे मनोहर मो. | ||
| 245 | _aसंवादातून विज्ञान:1. | ||
| 260 |
_bअनिरुध्द साहित्य, पुणे. _c1985 |
||
| 300 |
_a87 _bसाधी |
||
| 365 | _b15 | ||
| 520 | _aशाआ. | ||
| 630 | _aसंवादातून विज्ञान:1. | ||
| 650 | _aशाआ. | ||
| 730 | _aसंवादातून विज्ञान:1. | ||
| 942 | _cBOOK | ||
| 999 |
_c704510 _d704507 |
||